Vulnerability Exploit Techniques in Operating System

Enregistré dans:
Détails bibliographiques
Auteur principal: Ševčíková, Ema (Auteur)
Autres auteurs: Ploszek, Roderik (Directeur de thèse)
Format: Manuscrit Livre
Langue:slovaque
anglais
Publié: 2025
Sujets:
Accès en ligne:http://is.stuba.sk/zp/portal_zp.pl?podrobnosti=184429
Tags: Ajouter un tag
Pas de tags, Soyez le premier à ajouter un tag!

MARC

LEADER 00000ntm a22000003a 4500
001 stuzp103508
003 SK-STU
005 20250614212025.5
007 ta
008 150427s2015----xo-----f-mn---000-0-slo-d
040 |a STU  |b slo 
041 0 |a eng 
100 1 |a Ševčíková, Ema  |u 035000  |4 aut  |U FEI Fakulta elektrotechniky a informatiky  |T FEI Ústav informatiky a matematiky  |X 111450  |U E050  |Y 816  |7 111450 
242 0 1 |a Techniky zneužitia zraniteľností v operačnom systéme  |y slo 
245 1 0 |a Vulnerability Exploit Techniques in Operating System 
260 |c 2025 
650 4 |a shellcode  |2 eng 
650 4 |a vulnerability exploit  |2 eng 
650 4 |a security  |2 eng 
650 4 |a operating system  |2 eng 
650 4 |a shellcode  |2 slo 
650 4 |a zneužitie zraniteľností  |2 slo 
650 4 |a bezpečnosť  |2 slo 
650 4 |a operačný systém  |2 slo 
700 1 |a Ploszek, Roderik  |u 035000  |k Z1  |4 ths  |U FEI Fakulta elektrotechniky a informatiky  |T FEI Ústav informatiky a matematiky  |X 72983  |U E050  |Y 816  |7 72983 
856 4 |u http://is.stuba.sk/zp/portal_zp.pl?podrobnosti=184429